[Event "GER OL-236 email"]
[Site "GER email"]
[Date "2008.03.15"]
[Round "?"]
[White "Pflaesterer, Wolfgang"]
[Black "Kuebler, Joachim"]
[Result "1-0"]
[WhiteElo "1439"]
[BlackElo "1242"]
[PlyCount "57"]
[EventDate "2008.??.??"]
[EventType "tourn (corr)"]
[EventRounds "6"]
[EventCountry "GER"]
[SourceTitle "Corr 2011"]
[Source "ChessBase"]
[SourceDate "2010.08.31"]
[SourceVersion "1"]
[SourceVersionDate "2010.08.31"]
[SourceQuality "1"]

1. e4 c5 2. Nf3 e6 3. d4 cxd4 4. Nxd4 Nf6 5. Bd3 Nc6 6. Be3 Nxd4 7. Bxd4 Be7 8. e5 Nd5 9. 0-0 0-0 10. Qh5 g6 11. Qf3 f5 12. a4 d6 13. Na3 dxe5 14. Bxe5 Bd7 15. Nc4 Rc8 16. Nd6 Bxd6 17. Bxd6 Rf7 18. Rfe1 Rc6 19. Be5 Qh4 20. Red1 Qg4 21. Qxg4 fxg4 22. Rd2 Nb4 23. Bb5 Be8 24. Rd8 Rf8 25. Ra8 a6 26. Bxc6 Nxc6 27. Bd6 Kf7 28. Bxf8 Kxf8 29. Rc8 1-0

[Event "GER OL-236 email"]
[Site "GER email"]
[Date "2008.03.15"]
[Round "?"]
[White "Priehn, Peter"]
[Black "Kuebler, Joachim"]
[Result "1-0"]
[WhiteElo "1609"]
[BlackElo "1242"]
[PlyCount "31"]
[EventDate "2008.??.??"]
[EventType "tourn (corr)"]
[EventRounds "6"]
[EventCountry "GER"]
[SourceTitle "Corr 2011"]
[Source "ChessBase"]
[SourceDate "2010.08.31"]
[SourceVersion "1"]
[SourceVersionDate "2010.08.31"]
[SourceQuality "1"]

1. e4 e6 2. d4 d5 3. Nc3 Nf6 4. Bg5 Be7 5. e5 Nfd7 6. Bxe7 Qxe7 7. f4 0-0 8. Nf3 Nc6 9. Bd3 f5 10. 0-0 Nd8 11. Ng5 Nf7 12. Qh5 h6 13. Bxf5 Nxg5 14. fxg5 Rxf5 15. Rxf5 Qf7 16. Qxf7+ 1-0

[Event "GER OL-244 email"]
[Site "GER email"]
[Date "2008.??.??"]
[Round "?"]
[White "Kuebler, Joachim"]
[Black "Grossner, Josef"]
[Result "0-1"]
[WhiteElo "1242"]
[BlackElo "1530"]
[PlyCount "86"]
[EventDate "2008.??.??"]
[EventType "tourn (corr)"]
[EventRounds "6"]
[EventCountry "GER"]
[SourceTitle "Corr 2011"]
[Source "ChessBase"]
[SourceDate "2010.08.31"]
[SourceVersion "1"]
[SourceVersionDate "2010.08.31"]
[SourceQuality "1"]

1. e4 c5 2. Nf3 d6 3. d4 cxd4 4. Nxd4 Nf6 5. Nc3 Nc6 6. Bb5 Bd7 7. Be3 e6 8. 0-0 Be7 9. Nxc6 Bxc6 10. Bxc6+ bxc6 11. f4 Qc7 12. Qd2 0-0 13. h3 d5 14. e5 Nd7 15. Rad1 Qb7 16. b3 Bb4 17. Qd3 Rac8 18. Rf3 c5 19. Bf2 c4 20. Qd4 Bc5 21. Qd2 cxb3 22. axb3 Bxf2+ 23. Rxf2 Nb8 24. Kh2 Nc6 25. Rdf1 Qc7 26. Nb5 Qb6 27. Nd6 Rc7 28. Qe2 Nd4 29. Qd3 Qc5 30. Rc1 Nxb3 31. Rcf1 Nd4 32. Rc1 Nf5 33. Rd2 Nxd6 34. exd6 Qxd6 35. g3 Qc5 36. Kg2 a5 37. c3 Qa3 38. Rdc2 Rb8 39. Kf3 Rc4 40. Ke2 a4 41. Kd2 Qc5 42. Kd1 a3 43. Ra1 Qg1+ 0-1